| 000 | 00928nam a2200325 a 4500 | ||
|---|---|---|---|
| 003 | AR-BaBNM | ||
| 005 | 20251128210024.0 | ||
| 008 | 082120s2002 ||||||||||||||000 | spa|| | ||
| 020 | _a84-329-9404-9 | ||
| 040 | _cAR-BaBNM | ||
| 100 | 1 | _aTaetzsch, Sandra Zeitlin | |
| 245 | 0 | 0 | _aJuegos y actividades preescolares |
| 250 | _a7ª ed. | ||
| 260 |
_aBarcelona _bEdiciones Ceac _c1987 |
||
| 300 |
_a154 p. _bil. |
||
| 490 | 0 | _aEducación y enseñanza. Educación preescolar | |
| 500 | _aReferencias p. 153-154 | ||
| 650 | 4 | _aACTIVIDADES DE APRENDIZAJE | |
| 650 | 4 | _aACTIVIDADES INTEGRADAS | |
| 650 | 4 | _aJUEGOS EDUCATIVOS | |
| 650 | 4 | _aJUEGOS INFANTILES | |
| 650 | 4 | _aESTIMULACION TEMPRANA | |
| 650 | 4 | _aDESARROLLO DE DESTREZAS | |
| 650 | 4 | _aDESARROLLO DEL NIÑO | |
| 650 | 4 | _aNIÑOS DE EDAD PREESCOLAR | |
| 700 | 1 | _aTaetzsch, Lyn | |
| 800 | 1 |
_aSarramona, Jaume _edirector |
|
| 942 | _cBK | ||
| 998 | _cCarmen | ||
| 999 |
_c13744 _d13744 |
||